00438nam a2200133 a 450000100100000000500170001000800410002704000250006808200160009310000640010924500610017326000500023430000200028400003220920240301141636.0110713s1907 dr r 000 0 spa d aDO-SdBNPbspacBNPHU axxxxbM896d1 a Moscoso Puello, F. E., q (Francisco Eujenio)d1885-195910aDiscurso del cinematicismo /cF. Eugenio Moscoso Puello. aSanto Domingo :bLa cuna de América,c1907. a81 p. ;c25 cm.